Races de chevaux - Statistiques

Statistiques générales
  • Ce quiz a été pris 243 fois
  • Le résultat moyen est 6 sur 16
Statistiques - réponses
Par images Réponse % Correct
Frison
88%
fjord
82%
camargue
72%
shire
62%
Akhal-Teke
52%
paint horse
49%
pur sang
45%
connemara
36%
poney francais de selle
34%
mustang
32%
welsh
27%
lusitanien
22%
halfinger
18%
Apollosa
5%
knabstrupper
5%
tennessee walker horse
2%
Aucun quiz correspondant
Distribution des résultats
% des personnes avec chaque résultat
Percentile par nombre de réponses
Votre historique - résultats
Vous n’avez pas pris ce quiz